[Event "ENG-ch rapid (Women)"]
[Site "London"]
[Date "2019.12.07"]
[Round "4"]
[White "Fernando, Manel"]
[Black "Khadouri, Jacinta"]
[Result "1/2-1/2"]
[WhiteElo "1532"]
[BlackElo "1225"]
[PlyCount "138"]
[EventDate "2019.12.07"]
[EventType "swiss (rapid)"]
[EventRounds "7"]
[EventCountry "ENG"]
[SourceTitle "CBM 195 Extra"]
[Source "ChessBase"]
[SourceDate "2020.05.31"]
[SourceVersion "1"]
[SourceVersionDate "2020.05.31"]
[SourceQuality "1"]

1. d4 d5 2. Nf3 Nf6 3. Bf4 g6 4. Nbd2 Bg7 5. e3 a6 6. c3 Bg4 7. Be2 Nc6 8. h3 Bxf3 9. Nxf3 Ne4 10. Bd3 0-0 11. 0-0 Re8 12. Nd2 Nxd2 13. Qxd2 e5 14. Bh2 e4 15. Bc2 Rc8 16. Qe2 Qg5 17. f3 f5 18. fxe4 dxe4 19. Rad1 Bh6 20. Bf4 Qh4 21. Bxh6 Qxh6 22. Rf4 Rf8 23. Rdf1 Ne7 24. Bb3+ Kh8 25. h4 Rf6 26. g3 Rcf8 27. d5 Rd6 28. c4 b6 29. Qe1 g5 30. hxg5 Qxg5 31. Rxe4 fxe4 32. Rxf8+ Ng8 33. Kg2 Rf6 34. Qc3 Qg7 35. Rxf6 Qxf6 36. Bd1 Qxc3 37. bxc3 Nf6 38. Kh3 Kg7 39. g4 Kh6 40. Kg3 Kg5 41. Bb3 Nxg4 42. Bc2 Nxe3 43. Bxe4 h5 44. Bd3 Nf5+ 45. Kh3 h4 46. c5 bxc5 47. Bxa6 Kf4 48. a4 Ke4 49. c4 Kd4 50. Bb5 Nd6 51. a5 Nxb5 52. cxb5 c4 53. a6 c3 54. a7 c2 55. a8Q c1Q 56. Qa4+ Kxd5 57. Qa8+ Kd6 58. Qf8+ Kd7 59. Qf5+ Kd8 60. Qf8+ Kd7 61. Qf5+ Kd8 62. Kxh4 Qh6+ 63. Kg4 Qg7+ 64. Kf4 Qd4+ 65. Qe4 Qf2+ 66. Ke5 Qb2+ 67. Qd4+ Qxd4+ 68. Kxd4 Kc8 69. Kc5 Kb7 1/2-1/2

[Event "ENG-ch rapid (Women)"]
[Site "London"]
[Date "2019.12.07"]
[Round "1"]
[White "Khadouri, Jacinta"]
[Black "Howell, Sue"]
[Result "0-1"]
[WhiteElo "1225"]
[BlackElo "1800"]
[PlyCount "68"]
[EventDate "2019.12.07"]
[EventType "swiss (rapid)"]
[EventRounds "7"]
[EventCountry "ENG"]
[SourceTitle "CBM 195 Extra"]
[Source "ChessBase"]
[SourceDate "2020.05.31"]
[SourceVersion "1"]
[SourceVersionDate "2020.05.31"]
[SourceQuality "1"]

1. d4 e6 2. Nf3 d5 3. e3 c5 4. Bd3 c4 5. Be2 Nc6 6. 0-0 Nf6 7. b3 b5 8. Bb2 Bb7 9. c3 Bd6 10. Qc2 Qc7 11. Nbd2 Ne7 12. a4 a6 13. axb5 axb5 14. Rxa8+ Bxa8 15. Ra1 0-0 16. bxc4 bxc4 17. Ba3 Nf5 18. Bxd6 Nxd6 19. Ne5 Rb8 20. h3 Bc6 21. Ra6 Bb5 22. Ra3 Nfe4 23. Ndf3 f6 24. Ng4 Be8 25. Qa2 Qb7 26. Ra7 Qb1+ 27. Qxb1 Rxb1+ 28. Kh2 Nxc3 29. Ra6 Nce4 30. Ng1 h5 31. f3 hxg4 32. fxe4 Nxe4 33. Rxe6 g3+ 34. Kh1 Nf2# 0-1

[Event "ENG-ch rapid (Women)"]
[Site "London"]
[Date "2019.12.07"]
[Round "6"]
[White "Royce, Anastasija"]
[Black "Khadouri, Jacinta"]
[Result "0-1"]
[WhiteElo "1387"]
[BlackElo "1225"]
[PlyCount "84"]
[EventDate "2019.12.07"]
[EventType "swiss (rapid)"]
[EventRounds "7"]
[EventCountry "ENG"]
[SourceTitle "CBM 195 Extra"]
[Source "ChessBase"]
[SourceDate "2020.05.31"]
[SourceVersion "1"]
[SourceVersionDate "2020.05.31"]
[SourceQuality "1"]

1. b3 e5 2. Bb2 Nc6 3. e3 d5 4. Bb5 Nf6 5. Bxc6+ bxc6 6. Bxe5 Bd6 7. Bb2 0-0 8. h3 Bb7 9. Qf3 Be7 10. d3 Rb8 11. Nd2 c5 12. Ne2 c4 13. d4 Ne4 14. 0-0-0 Bb4 15. g4 Nxd2 16. Rxd2 Bxd2+ 17. Kxd2 Qd6 18. Nc3 c5 19. Nb5 Qb6 20. a4 a6 21. Nc3 cxb3 22. Nxd5 Qe6 23. e4 bxc2 24. Kxc2 cxd4 25. Bxd4 Rfe8 26. Bxg7 Kxg7 27. Qc3+ Kg8 28. Nf6+ Kf8 29. Nxh7+ Ke7 30. Qc5+ Qd6 31. Qg5+ f6 32. Qg7+ Ke6 33. Qxf6+ Kd7 34. Qf5+ Qe6 35. Rd1+ Kc7 36. Qc5+ Qc6 37. Qxc6+ Bxc6 38. f3 Bxa4+ 39. Kd2 Bxd1 40. Kxd1 Rb2 41. g5 Rd8+ 42. Ke1 Rdd2 0-1